00872nam a2200181 i 4500001000700000003000900007005001700016008004100033100003200074245016000106260005300266300002100319490008800340830009300428852002500521999001900546952012500565187930ES-MaACL20250727190112.0180326s1930 sp |||| | spa d1 aWohlhaupter, Eugen.916445613aLa importancia de España en la historia de los derechos fundamentales : bconferencia pronunciada el día 26 de marzo de 1930 / cpor Eugen Wohlhaupter. aMadrid : b[s.n.], c1930 (fBlass tipogragía) a36 p. ; c23 cm.1 aConferencias dadas en el Centro de intercambio intelectual germano-español ; v2800aConferencias dadas en el Centro de Intercambio Intelectual Germano-Españolv289192904 aES-MaACLjC-8111(23) c187930d187930 00104070aATENEOMbATENEOMcSPALd2018-03-26eDONl0oC-8111(23)p1198582r2023-02-23 00:00:00w2023-02-23yMONOGRAFIA